000 00403nam a2200169Ia 4500
008 230524s9999 xx 000 0 und d
082 _a5.133
_bDEI
100 _aH.M.Deitel
245 0 _aVisual Basic-6 : How to program
250 _a1ST
260 _aNEW DELHI
_bPearson
_c2005
300 _aXIV;971
500 _aQuantity Number: 2
650 _aComp-Sc
700 _a P.J. Deitel
942 _cBK
999 _c33226
_d33226